Movies Quiz

Random Movies or Marvel Quiz

Stan Lee Marvel Cameos Quiz Stats

 Plays Quiz Updated May 30, 2018

Challenge
Share
Tweet
Score 0/42 Timer 07:00
10 Plays Today
% Correct
Spider-Man 3
90.3%
Captain America: The First Avenger
88.1%
Doctor Strange
88%
Iron Man
85.8%
Marvel's The Avengers
85.3%
Spider-Man: Homecoming
75.8%
Thor
72.4%
Hulk
71.7%
Iron Man 2
69%
Guardians of the Galaxy
65.9%
Captain America: The Winter Soldier
64.9%
Guardians of the Galaxy Vol. 2
64.3%
Thor: Ragnarok
63.8%
The Amazing Spider-Man
63.3%
Spider-Man 2
62.3%
Avengers: Age of Ultron
61.6%
Black Panther
52%
The Incredible Hulk
50.4%
Captain America: Civil War
49.5%
Big Hero 6
48.9%
X-Men: The Last Stand
47%
% Correct
Daredevil
47%
X-Men
43.8%
Fantastic Four
42.5%
Thor: The Dark World
41.9%
Spider-Man
40.5%
Iron Man 3
38.8%
Deadpool
38%
Fantastic Four: Rise of the Silver Surfer
37.5%
Daredevil (Episode: 'Daredevil')
37.1%
The Amazing Spider-Man 2
25.5%
Ant-Man
24.5%
The Trial of the Incredible Hulk
23.3%
The Defenders (Episode: 'Worst Behavior')
21.9%
Agent Carter (Episode: 'The Blitzkrieg Button')
21.5%
X-Men: Apocalypse
16.7%
Agents of S.H.I.E.L.D. (Episode: 'T.R.A.C.K.S.')
15.6%
Avengers: Infinity War
13.1%
Luke Cage (Episode: 'Who's Gonna Take the Weight?')
11.9%
Iron Fist (Episode: 'Dragon Plays with Fire')
10.4%
Runaways (Episode: 'Metamorphosis')
2.1%
Jessica Jones (Episode: ' AKA Shark in the Bathtub,Monster in the Bed)
0.4%

You're not logged in!

Compare scores with friends on all Sporcle quizzes.
Join for Free
OR
Log In

You Might Also Like...

Show Comments

Extras

Top Quizzes Today


Score Distribution

Your Account Isn't Verified!

In order to create a playlist on Sporcle, you need to verify the email address you used during registration. Go to your Sporcle Settings to finish the process.

Report this User

Report this user for behavior that violates our Community Guidelines.

Details: